Speech Acts, Meaning and Intentions : (Record no. 592811)

MARC details
000 -LEADER
fixed length control field 00562nam a2200181 a 4500
008 - FIXED-LENGTH DATA ELEMENTS--GENERAL INFORMATION
fixed length control field 251019s1990##################000#0#eng##
020 ## - INTERNATIONAL STANDARD BOOK NUMBER
ISBN 9783110113006
082 04 - DEWEY DECIMAL CLASSIFICATION NUMBER
Classification number 191
Item number BUR
100 1# - MAIN ENTRY--AUTHOR NAME
Personal name Burkhardt, Armin,
245 10 - TITLE STATEMENT
Title Speech Acts, Meaning and Intentions :
260 ## - PUBLICATION, DISTRIBUTION, ETC. (IMPRINT)
Name of publisher Grundlagen der Kommunikation und Kognition / Foundations of Communication and Cognition,
Year of publication 1990.
650 #0 - SUBJECT ADDED ENTRY--TOPICAL TERM
Topical Term Analysis (Philosophy).
942 ## - ADDED ENTRY ELEMENTS (KOHA)
Koha item type English Books
Holdings
Withdrawn status Lost status Damaged status Not for loan Home library Current library Shelving location Date acquired Full call number Accession Number Price effective from Koha item type
        Anna Centenary Library Anna Centenary Library 3RD FLOOR, A WING 23.10.2025 191 BUR 389117 23.10.2025 English Books

Find us on the map